Polish medieval history - Statistics

General Stats
  • This quiz has been taken 278 times
  • The average score is 6 of 18
Answer Stats
Hint Answer % Correct
First prince of Poland, he was baptized in 966 Mieszko I
82%
On which year Bolesław I Chrobry was conorated? 1025
75%
With whom was the Union of Krewo? Lithuania
58%
In 1226 Konrad I of Masovia invited them to help fight the pagan Baltic Prussian people Teutonic Knights
52%
He founded the University of Kraków Casimir the Great
50%
Upon his death in 1138, Poland was divided among his sons Bolesław Wrymouth
49%
Meeting between the Polish Duke Bolesław I Chrobry and Emperor Otto III, which took place at Gniezno on March 11, 1000 Congress of Gniezno
49%
The biggest battle of polish Middle Ages Battle of Grunwald
39%
The king, who died at the battle of Varna Władysław III of Poland
34%
When Władysław the Elbow - high was crowned King of Poland? 1320
23%
He was exiled by younger brothers. Władysław the Exile
21%
He died during the battle of Legnica Henry the Pious
15%
When Casimir of Jagiellon was coronated? 1447
14%
He was archbishop of Gnizno and conorated two polish kings. Jakub Świnka
8%
He was canonized in 1253 Stanislaus of Szczepanów
6%
The first polish Cardinal Zbigniew Oleśnicki
4%
The first Primate of Poland Mikołaj Trąba
3%
The biggest battle of XII century Battle of Mozgawa
1%
No matching quizzes found
Score Distribution
Percent of People with Each Score
Percentile by Number Answered
Your Score History
You have not taken this quiz